Výučba základov programovania prostredníctvom jazyka JAVA

Výučba základných pojmov objektového programovania prostredníctvom nástroja a prostredia BlueJ. Príspevok predstavuje na konkrétnych príkladoch praktické vysvetlenie týchto základných pojmov objektového programovania a ukazuje spôsob výučby, ktorý je založený na objektovom vnímaní reálneho sveta.

Saved in:
Bibliographic Details
Main Author: Kanáliková, Alžbeta, 1969-
Format: Book Chapter
Language:Slovak
Subjects:
Tags: Add Tag
No Tags, Be the first to tag this record!

MARC

LEADER 00000naa$a2200000$$$4500
001 0173849
005 20240502072950.0
041 0 |a slo 
044 |a SK 
245 1 0 |a Výučba základov programovania prostredníctvom jazyka JAVA  |c Alžbeta Kanáliková 
520 |a Výučba základných pojmov objektového programovania prostredníctvom nástroja a prostredia BlueJ. Príspevok predstavuje na konkrétnych príkladoch praktické vysvetlenie týchto základných pojmov objektového programovania a ukazuje spôsob výučby, ktorý je založený na objektovom vnímaní reálneho sveta. 
610 2 0 |a programovanie objektové 
610 2 0 |a jazyky programovacie 
610 2 0 |a algoritmy 
100 1 |a Kanáliková, Alžbeta, 1969-